<?xml version="1.0" encoding="UTF-8"?>
<collection xmlns="http://www.loc.gov/MARC21/slim">
 <record>
  <leader>00814cam a22002414a 4500</leader>
  <controlfield tag="001">1/42927</controlfield>
  <controlfield tag="008">110630s2008    cy            000 e tur c</controlfield>
  <datafield tag="010" ind1=" " ind2=" ">
   <subfield code="a">  2009337156</subfield>
  </datafield>
  <datafield tag="020" ind1=" " ind2=" ">
   <subfield code="a">9789963944323</subfield>
  </datafield>
  <datafield tag="035" ind1=" " ind2=" ">
   <subfield code="a">(OCoLC)ocn692306682</subfield>
   <subfield code="l">45804</subfield>
  </datafield>
  <datafield tag="040" ind1=" " ind2=" ">
   <subfield code="a">ZCU</subfield>
   <subfield code="b">eng</subfield>
   <subfield code="c">ZCU</subfield>
   <subfield code="d">LOA</subfield>
   <subfield code="d">DLC</subfield>
  </datafield>
  <datafield tag="042" ind1=" " ind2=" ">
   <subfield code="a">pcc</subfield>
   <subfield code="a">lcode</subfield>
  </datafield>
  <datafield tag="043" ind1=" " ind2=" ">
   <subfield code="a">a-cy---</subfield>
  </datafield>
  <datafield tag="050" ind1="0" ind2="0">
   <subfield code="a">DS54.5</subfield>
   <subfield code="b">.K545 2008</subfield>
  </datafield>
  <datafield tag="100" ind1="1" ind2=" ">
   <subfield code="a">K#17;B8#18;z#17;B8#18;lyϝur</subfield>
  </datafield>
  <datafield tag="245" ind1=" " ind2=" ">
   <subfield code="a">Tarih, siyaset, K#17;B8#18;br#17;B8#18;s /</subfield>
   <subfield code="c">Niy</subfield>
  </datafield>
  <datafield tag="260" ind1=" " ind2=" ">
   <subfield code="a">[Lefkoνsa, Cyprus] </subfield>
  </datafield>
  <datafield tag="300" ind1=":" ind2=" ">
   <subfield code="b">YeniDϝuzen Kitapl</subfield>
  </datafield>
  <datafield tag="500" ind1=" " ind2=" ">
   <subfield code="c">2008.  </subfield>
   <subfield code="a">280 p. ;</subfield>
   <subfield code="c">21 cm.  </subfield>
  </datafield>
  <datafield tag="651" ind1=" " ind2=" ">
   <subfield code="a">Previously printed articles and e</subfield>
  </datafield>
  <datafield tag="650" ind1=" " ind2=" ">
   <subfield code="a">Cyprus</subfield>
   <subfield code="x">History</subfield>
   <subfield code="y"></subfield>
  </datafield>
  <datafield tag="651" ind1=" " ind2=" ">
   <subfield code="a">Turks</subfield>
   <subfield code="x">Cypru</subfield>
  </datafield>
  <datafield tag="852" ind1="s" ind2=" ">
   <subfield code="x">History. 0</subfield>
   <subfield code="a">Cyprus</subfield>
   <subfield code="x">Ethnic relations.  </subfield>
   <subfield code="a">INST</subfield>
   <subfield code="b">UNIPILB</subfield>
   <subfield code="c">MAIN</subfield>
  </datafield>
 </record>
</collection>
